<?xml version="1.0" encoding="UTF-8"?>
<record
    xmlns:xsi="http://www.w3.org/2001/XMLSchema-instance"
    xsi:schemaLocation="http://www.loc.gov/MARC21/slim http://www.loc.gov/standards/marcxml/schema/MARC21slim.xsd"
    xmlns="http://www.loc.gov/MARC21/slim">

  <leader>02726cam a22003855a 4500</leader>
  <controlfield tag="001">17471873</controlfield>
  <controlfield tag="003">EG-ScBUE</controlfield>
  <controlfield tag="005">20220828111742.0</controlfield>
  <controlfield tag="008">120924t2013    nyua   f b    000 0 eng d</controlfield>
  <datafield tag="020" ind1=" " ind2=" ">
    <subfield code="a">0815633017</subfield>
  </datafield>
  <datafield tag="020" ind1=" " ind2=" ">
    <subfield code="a">9780815633013 </subfield>
  </datafield>
  <datafield tag="040" ind1=" " ind2=" ">
    <subfield code="a">DLC</subfield>
    <subfield code="b">eng</subfield>
    <subfield code="e">rda</subfield>
    <subfield code="c">DLC</subfield>
    <subfield code="d">EG-ScBUE </subfield>
  </datafield>
  <datafield tag="043" ind1=" " ind2=" ">
    <subfield code="a">a-iq---</subfield>
  </datafield>
  <datafield tag="082" ind1="0" ind2="4">
    <subfield code="a">700.10309567</subfield>
    <subfield code="b">WEA</subfield>
    <subfield code="2">22</subfield>
  </datafield>
  <datafield tag="245" ind1="0" ind2="0">
    <subfield code="a">We are Iraqis :</subfield>
    <subfield code="b">aesthetics and politics in a time of war /</subfield>
    <subfield code="c">edited by Nadje Al-Ali and Deborah Al-Najjar.</subfield>
  </datafield>
  <datafield tag="250" ind1=" " ind2=" ">
    <subfield code="a">First edition.</subfield>
  </datafield>
  <datafield tag="264" ind1=" " ind2="1">
    <subfield code="a">New York :</subfield>
    <subfield code="b">Syracuse University Press,</subfield>
    <subfield code="c">[2013]</subfield>
  </datafield>
  <datafield tag="264" ind1=" " ind2="4">
    <subfield code="c">c2013</subfield>
  </datafield>
  <datafield tag="300" ind1=" " ind2=" ">
    <subfield code="a">xl, 266 pages :</subfield>
    <subfield code="b">illustrations (some color) ;</subfield>
    <subfield code="c">24 cm.</subfield>
  </datafield>
  <datafield tag="336" ind1=" " ind2=" ">
    <subfield code="2">rdacontent</subfield>
    <subfield code="a">text</subfield>
    <subfield code="b">txt</subfield>
  </datafield>
  <datafield tag="337" ind1=" " ind2=" ">
    <subfield code="2">rdamedia</subfield>
    <subfield code="a">unmediated</subfield>
    <subfield code="b">n</subfield>
  </datafield>
  <datafield tag="338" ind1=" " ind2=" ">
    <subfield code="2">rdacarrier</subfield>
    <subfield code="a">volume</subfield>
    <subfield code="b">nc</subfield>
  </datafield>
  <datafield tag="490" ind1="0" ind2=" ">
    <subfield code="a">Contemporary issues in the Middle East</subfield>
  </datafield>
  <datafield tag="504" ind1=" " ind2=" ">
    <subfield code="a">Includes bibliographical references.</subfield>
  </datafield>
  <datafield tag="505" ind1="0" ind2=" ">
    <subfield code="a">What every driver must know / Alise Alousi -- Bifurcations of Iraq's visual culture / Nada Shabout -- A barbarian in Rome: excerpts from a diary / Sinan Antoon -- Putting contemporary Iraqi art on the map: a conversation with Maysaloun Faraj / Nadje Al-Ali -- The assassination of Iraqi academic life: a personal testimony / Saad N. Jawad -- My own private Munich / Dahlia Petrus -- Hassan Abdulrazzak: a selection / Hassan Abdulrazzak -- Reframing Sunni and Shii discussions / Yara Badday -- Invisible mirror: aggression and the thumb-generation response / Wafaa Bilal -- Iraq: a long phantasmagorical dream for those who are not part of the new capitalism or retired communism / Ali Bader -- Migratory sacred spaces: (re)creating Ashura -- Dena Al-Adeeb -- Liberal mass media (mis)communication and Iraqi (dis)connections / Celia Shallal -- Sophisticated ways: destruction of an ancient city / Nadje Al-Ali -- My trips to the unknown / Maki Al Nazzal -- A tale of two exiles / Sama Alshaibi -- 1001 nights / Jananne Al-Ani -- Arab-Jews, diasporas, and multicultural feminism: a conversation with Ella Habiba Shohat / Evelyn Azeeza Alsultany -- A film-training project for young Iraqis / Maysoon Pachachi -- Lyrical resistance: the example of Saadi Youssef / Ferial J. Ghazoul -- Larsa / Dunya Mikhail -- Ur's echo: cosmopolitans and radical loss / Rashad Salim -- Identity of the numbers / Irada Al-Jabbouri.</subfield>
  </datafield>
  <datafield tag="650" ind1=" " ind2="7">
    <subfield code="a">Arts</subfield>
    <subfield code="x">Political aspects</subfield>
    <subfield code="z">Iraq</subfield>
    <subfield code="x">History</subfield>
    <subfield code="y">21st century.</subfield>
    <subfield code="2">BUEsh</subfield>
  </datafield>
  <datafield tag="650" ind1=" " ind2="7">
    <subfield code="a">Arts, Iraqi</subfield>
    <subfield code="y">21st century.</subfield>
    <subfield code="2">BUEsh</subfield>
  </datafield>
  <datafield tag="650" ind1=" " ind2="7">
    <subfield code="a">Iraq</subfield>
    <subfield code="x">History</subfield>
    <subfield code="y">2003-</subfield>
    <subfield code="2">BUEsh</subfield>
  </datafield>
  <datafield tag="651" ind1=" " ind2=" ">
    <subfield code="2">BUEsh</subfield>
  </datafield>
  <datafield tag="653" ind1=" " ind2=" ">
    <subfield code="b">BUSBOL</subfield>
    <subfield code="c">September2015</subfield>
    <subfield code="c">December2015</subfield>
  </datafield>
  <datafield tag="655" ind1=" " ind2=" ">
    <subfield code="v">Reading book</subfield>
    <subfield code="9">34232</subfield>
  </datafield>
  <datafield tag="700" ind1="1" ind2=" ">
    <subfield code="a">Al-Ali, Nadje Sadig,</subfield>
    <subfield code="e">editor.</subfield>
    <subfield code="9">5136</subfield>
  </datafield>
  <datafield tag="700" ind1="1" ind2=" ">
    <subfield code="a">Al-Najjar, Deborah,</subfield>
    <subfield code="e">editor.</subfield>
  </datafield>
  <datafield tag="942" ind1=" " ind2=" ">
    <subfield code="2">ddc</subfield>
    <subfield code="k">700.10309567 WEA</subfield>
    <subfield code="c">BB</subfield>
  </datafield>
  <datafield tag="999" ind1=" " ind2=" ">
    <subfield code="c">20838</subfield>
    <subfield code="d">20810</subfield>
  </datafield>
  <datafield tag="952" ind1=" " ind2=" ">
    <subfield code="0">0</subfield>
    <subfield code="1">0</subfield>
    <subfield code="2">ddc</subfield>
    <subfield code="4">0</subfield>
    <subfield code="7">0</subfield>
    <subfield code="8">Baccah</subfield>
    <subfield code="a">MAIN</subfield>
    <subfield code="b">MAIN</subfield>
    <subfield code="c">2ND</subfield>
    <subfield code="d">2015-09-02</subfield>
    <subfield code="e">Purchase</subfield>
    <subfield code="g">337.00</subfield>
    <subfield code="h">23317</subfield>
    <subfield code="l">0</subfield>
    <subfield code="o">700.10309567 WEA</subfield>
    <subfield code="p">000030898</subfield>
    <subfield code="r">2025-07-15 00:00:00</subfield>
    <subfield code="v">421.00</subfield>
    <subfield code="y">BB</subfield>
  </datafield>
</record>
